Priestorové súvislosti v príjmoch a výdavkoch miestnej samosprávy na Slovensku

Miestne financie a miestny rozvoj na Slovensku. Fiškálna decentralizácia - jej význam a dôsledky pre územnú samosprávu. Miera fiškálnej autonómie. Slovensko sa v porovnaní s európskymi krajinami nevyznačuje vysokou mierou fiškálnej autonómie. Príjmy a výdavky miestnych správ.

Salvato in:
Dettagli Bibliografici
Autore principale: Sopkuliak, Andrej
Natura: Capitolo di libro
Lingua:slovacco
Soggetti:
Tags: Aggiungi Tag
Nessun Tag, puoi essere il primo ad aggiungerne!!

MARC

LEADER 00000naa a2200000 4500
001 0235549
005 20220805075646.1
041 0 |a slo 
044 |a SK 
245 1 0 |a Priestorové súvislosti v príjmoch a výdavkoch miestnej samosprávy na Slovensku  |c Andrej Sopkuliak 
520 |a Miestne financie a miestny rozvoj na Slovensku. Fiškálna decentralizácia - jej význam a dôsledky pre územnú samosprávu. Miera fiškálnej autonómie. Slovensko sa v porovnaní s európskymi krajinami nevyznačuje vysokou mierou fiškálnej autonómie. Príjmy a výdavky miestnych správ. 
610 2 0 |a samospráva 
610 2 0 |a samospráva miestna 
610 2 0 |a príjmy 
610 2 0 |a výdavky 
610 2 0 |a decentralizácia fiškálna 
610 2 0 |a autonómia 
100 1 |a Sopkuliak, Andrej